Marx y la revolución /

Bibliographic Details
Main Author: Victoriano S., Felipe
Format: Analitica de revista
Language:Spanish
Published: Santiago, Chile Universidad ARCIS 1999

MARC

LEADER 00000cab a2200000 a 4500
001 034905
003 UAHC_CL
005 20170803123810.0
008 050729b xx j 000 1 spa
040 |a UAHC_CL  |c UAHC_CL  |d UAHC_CL 
100 1 |a Victoriano S., Felipe 
245 1 0 |a Marx y la revolución /  |c Felipe Victoriano S. 
260 |b Universidad ARCIS  |c 1999  |a Santiago, Chile 
300 |a 385-405. 
500 |a En: Investigación y Crítica, nº1. p. 385-405. 1999. 
500 |a En: Investigación y Crítica, nº1. p. 385-405. 1999. 
759 |a PP084 
773 0 |t La televisión chilena en los '90 : avance del "estado de la cuestión".  |w 034871 
900 |a INVESTIGACION Y CRITICA-01/99 
942 |c REVA 
952 |0 0  |1 0  |4 0  |6 INVESTIGACION_Y_CRITICA01_99_000000000000000  |7 0  |8 General  |9 66362  |a BC  |b BC  |c General  |d 2017-08-03  |l 0  |o INVESTIGACION Y CRITICA-01/99  |p FICTICIO4249  |r 2019-01-08 00:00:00  |t 1  |w 2017-08-03  |y REVA 
999 |c 34905  |d 34905